[Event "Dueville op-A 1st"]
[Site "Dueville"]
[Date "2023.06.04"]
[Round "5"]
[White "Danieli, Enrico"]
[Black "Tellarini, Lorenzo"]
[Result "1-0"]
[WhiteElo "1957"]
[BlackElo "1987"]
[PlyCount "85"]
[EventDate "2023.06.01"]
[EventType "swiss"]
[EventRounds "5"]
[EventCountry "ITA"]
[SourceTitle "EXT 2024"]
[Source "ChessBase"]
[SourceDate "2023.10.10"]
[SourceVersion "1"]
[SourceVersionDate "2023.10.10"]
[SourceQuality "1"]

1. d4 Nf6 2. Nc3 d5 3. e4 dxe4 4. f3 exf3 5. Nxf3 g6 6. Bc4 Bg7 7. 0-0 0-0 8. h3 c6 9. Qe1 Bf5 10. Qh4 h5 11. Ne5 Nbd7 12. Nxf7 Rxf7 13. Bxf7+ Kxf7 14. g4 hxg4 15. hxg4 g5 16. Bxg5 Bxc2 17. Rf2 Bg6 18. Re1 Qh8 19. Qg3 Qh7 20. Rh2 Qg8 21. Qe3 Re8 22. Rf2 Nb6 23. Bh4 Nc4 24. Qe2 Nd6 25. g5 Nf5 26. gxf6 exf6 27. Qc4+ Kf8 28. Qxg8+ Kxg8 29. Rxe8+ Kf7 30. Rxf5 Bxf5 31. Rb8 Bh6 32. Rxb7+ Ke6 33. Rxa7 Bc1 34. Rb7 Be3+ 35. Bf2 Bd2 36. a4 Bd3 37. a5 Bc1 38. Rb6 Kd7 39. Na4 Bb5 40. Nc5+ Kc7 41. Bg3+ Kd8 42. a6 Be3+ 43. Bf2 1-0

[Event "Dueville op-A 1st"]
[Site "Dueville"]
[Date "2023.06.02"]
[Round "1"]
[White "Maniero, Andrea"]
[Black "Danieli, Enrico"]
[Result "0-1"]
[WhiteElo "1846"]
[BlackElo "1957"]
[PlyCount "88"]
[EventDate "2023.06.01"]
[EventType "swiss"]
[EventRounds "5"]
[EventCountry "ITA"]
[SourceTitle "EXT 2024"]
[Source "ChessBase"]
[SourceDate "2023.10.10"]
[SourceVersion "1"]
[SourceVersionDate "2023.10.10"]
[SourceQuality "1"]

1. Nf3 Nf6 2. c4 e6 3. g3 d5 4. Bg2 Be7 5. d4 0-0 6. b3 c5 7. cxd5 exd5 8. Bb2 Nc6 9. 0-0 Re8 10. Nbd2 Bg4 11. Rc1 cxd4 12. Nxd4 Nxd4 13. Bxd4 Ba3 14. Nf3 Bxc1 15. Qxc1 Rxe2 16. Qg5 Be6 17. h4 h6 18. Qf4 Rc8 19. Ne5 Rxa2 20. g4 Re2 21. Bf3 Re4 22. Bxe4 Nxe4 23. f3 Nc3 24. Qd2 Nb5 25. Bb2 d4 26. g5 hxg5 27. hxg5 Bf5 28. Qf4 Bg6 29. Nxg6 fxg6 30. Qe5 Qd7 31. Rc1 Rxc1+ 32. Bxc1 d3 33. Bd2 Qd4+ 34. Qe3 Qxe3+ 35. Bxe3 Nd4 36. Kf2 Nxb3 37. Bxa7 Kf7 38. Ke3 d2 39. Ke2 Ke6 40. f4 Kf5 41. Bb8 Ke4 42. Be5 Nd4+ 43. Kd1 Kd3 44. Bxg7 Nf5 0-1

[Event "Lonigo CIS 54th Serie B Girone 6"]
[Site "Lonigo"]
[Date "2023.05.20"]
[Round "2.2"]
[White "Danieli, Enrico"]
[Black "Pastres, Roberto"]
[Result "1-0"]
[WhiteElo "1965"]
[BlackElo "2046"]
[PlyCount "83"]
[EventDate "2023.05.19"]
[EventType "team-tourn"]
[EventRounds "5"]
[EventCountry "ITA"]
[SourceTitle "EXT 2024"]
[Source "ChessBase"]
[SourceDate "2023.10.10"]
[SourceVersion "1"]
[SourceVersionDate "2023.10.10"]
[SourceQuality "1"]
[WhiteTeam "Vicenza"]
[BlackTeam "Venezia Canal Unigas"]
[WhiteTeamCountry "ITA"]
[BlackTeamCountry "ITA"]

1. d4 d5 2. Nf3 Nc6 3. c4 Bg4 4. cxd5 Bxf3 5. gxf3 Qxd5 6. e3 e5 7. Nc3 Bb4 8. Bd2 Bxc3 9. bxc3 exd4 10. cxd4 0-0-0 11. Bc3 f5 12. Be2 Nge7 13. Qb3 Qd6 14. 0-0-0 Nd5 15. Bb2 Rhe8 16. h4 g6 17. Kb1 Kb8 18. Rd2 Qf6 19. Rc1 Nce7 20. e4 fxe4 21. fxe4 Qf4 22. Qc2 Nb4 23. Qc3 Qxe4+ 24. Ka1 Nbd5 25. Qb3 Rf8 26. a4 Qxh4 27. a5 Rxf2 28. Rcc2 Rf6 29. Ba3 Re6 30. a6 b6 31. Bc4 Re1+ 32. Ka2 Qh1 33. Bb2 Ne3 34. Rh2 Qe4 35. Rce2 Rxe2 36. Rxe2 N7f5 37. Bc1 Re8 38. Bd3 Qf3 39. Qf7 Qc6 40. Bxf5 gxf5 41. Rxe3 Qc2+ 42. Bb2 1-0

[Event "Veneto-ch qf 81st"]
[Site "Verona"]
[Date "2022.05.08"]
[Round "5.10"]
[White "Amadardo, Matteo"]
[Black "Danieli, Enrico"]
[Result "0-1"]
[WhiteElo "1504"]
[BlackElo "1894"]
[PlyCount "96"]
[EventDate "2022.05.06"]
[EventType "swiss"]
[EventRounds "5"]
[EventCountry "ITA"]
[SourceTitle "EXT 2024"]
[Source "ChessBase"]
[SourceDate "2023.10.10"]
[SourceVersion "1"]
[SourceVersionDate "2023.10.10"]
[SourceQuality "1"]

1. c4 e6 2. g3 d5 3. cxd5 exd5 4. Bg2 c6 5. Nf3 Nf6 6. 0-0 Be7 7. a3 0-0 8. b4 Nbd7 9. Bb2 Re8 10. d3 Bd6 11. Nbd2 a5 12. bxa5 Rxa5 13. e3 Qe7 14. Nb3 Ra8 15. a4 Ne5 16. Nxe5 Bxe5 17. Ba3 Bd6 18. Bb2 Bf5 19. Nd4 Bg6 20. Qb3 h5 21. h4 Ng4 22. Ba3 Bxa3 23. Qxa3 Ne5 24. Qxe7 Rxe7 25. e4 dxe4 26. dxe4 Nd3 27. Nf5 Bxf5 28. exf5 Ra5 29. Rfd1 Nc5 30. f6 gxf6 31. Rd4 Kg7 32. Rb4 f5 33. Kh2 Nd3 34. Rb3 Nxf2 35. Rab1 Ra7 36. a5 Ne4 37. a6 bxa6 38. Rb6 c5 39. Bf3 Nd2 40. Ra1 Nxf3+ 41. Kg2 Nd4 42. Raxa6 Rxa6 43. Rxa6 Rc7 44. Rd6 Ne6 45. Kf2 c4 46. Ke2 c3 47. Kd1 c2+ 48. Kc1 Nd4 0-1

[Event "Veneto-ch qf 81st"]
[Site "Verona"]
[Date "2022.05.07"]
[Round "2.6"]
[White "Danieli, Enrico"]
[Black "Zenari, Marco"]
[Result "1/2-1/2"]
[WhiteElo "1894"]
[BlackElo "2128"]
[PlyCount "95"]
[EventDate "2022.05.06"]
[EventType "swiss"]
[EventRounds "5"]
[EventCountry "ITA"]
[SourceTitle "EXT 2024"]
[Source "ChessBase"]
[SourceDate "2023.10.10"]
[SourceVersion "1"]
[SourceVersionDate "2023.10.10"]
[SourceQuality "1"]

1. e4 c5 2. d4 cxd4 3. c3 d3 4. Bxd3 Nc6 5. c4 d6 6. h3 g6 7. Nf3 Bg7 8. 0-0 Nf6 9. Be3 0-0 10. Nc3 Nd7 11. Rc1 Nde5 12. Nxe5 dxe5 13. Qd2 Nd4 14. Be2 Qa5 15. Rfd1 Rd8 16. Qe1 Be6 17. b3 a6 18. Na4 Qc7 19. c5 f5 20. f3 Rf8 21. Nb6 Rad8 22. Nd5 Bxd5 23. exd5 Kh8 24. c6 Rxd5 25. cxb7 Qxb7 26. Bc4 Rd6 27. Qa5 Rfd8 28. Bxd4 exd4 29. Bd3 Rc8 30. Rc4 Rxc4 31. Bxc4 Bf6 32. Qa4 Qc6 33. Qb4 Qb6 34. Qxb6 Rxb6 35. Kf1 e5 36. Bd5 Rd6 37. Bb7 Rd7 38. Ba8 Rc7 39. Ke2 Kg7 40. Bd5 Kf8 41. Bc4 e4 42. Rf1 d3+ 43. Kd2 Bg5+ 44. Kc3 Ke7 45. fxe4 fxe4 46. Rf7+ Kd6 47. Rxc7 Kxc7 48. Bxa6 1/2-1/2

[Event "Verona op-A"]
[Site "Verona"]
[Date "2017.01.06"]
[Round "7"]
[White "Rebeggiani, Andrea"]
[Black "Danieli, Enrico"]
[Result "0-1"]
[WhiteElo "1949"]
[BlackElo "2002"]
[PlyCount "98"]
[EventDate "2017.01.02"]
[EventType "swiss"]
[EventRounds "7"]
[EventCountry "ITA"]
[SourceTitle "CBM 176 Extra"]
[Source "ChessBase"]
[SourceDate "2017.03.02"]
[SourceVersion "1"]
[SourceVersionDate "2017.03.02"]
[SourceQuality "1"]

1. d4 d6 2. e4 Nf6 3. Nc3 e5 4. dxe5 dxe5 5. Qxd8+ Kxd8 6. Bg5 c6 7. Nf3 Bd6 8. 0-0-0 Kc7 9. Bc4 Rf8 10. h3 Nbd7 11. a3 h6 12. Be3 Nb6 13. Bb3 Be6 14. Nd2 Bxb3 15. cxb3 Rad8 16. Bxb6+ axb6 17. Nc4 b5 18. Nxd6 Rxd6 19. Rxd6 Kxd6 20. f3 Rd8 21. Rd1+ Kc7 22. Rxd8 Kxd8 23. Kd2 Kd7 24. a4 b4 25. Ne2 Kd6 26. Kd3 Nd7 27. Ng3 g6 28. Nf1 Kc5 29. Ne3 h5 30. Nc4 f6 31. Na5 Kb6 32. Nc4+ Kc7 33. Nd2 b5 34. Kc2 Nc5 35. axb5 cxb5 36. Nf1 Ne6 37. Ne3 Nf4 38. h4 Kd6 39. g3 Ne2 40. Nd5 Ke6 41. Nxb4 Nxg3 42. Nd5 g5 43. hxg5 fxg5 44. Ne3 Kd6 45. Kc3 h4 46. b4 h3 47. Ng4 Nf1 48. Kd3 h2 49. Nxh2 Nxh2 0-1

[Event "Verona op-A"]
[Site "Verona"]
[Date "2017.01.05"]
[Round "5"]
[White "Danieli, Enrico"]
[Black "Scarsella, Lorenzo Luigi"]
[Result "1/2-1/2"]
[WhiteElo "2002"]
[BlackElo "1937"]
[PlyCount "70"]
[EventDate "2017.01.02"]
[EventType "swiss"]
[EventRounds "7"]
[EventCountry "ITA"]
[SourceTitle "CBM 176 Extra"]
[Source "ChessBase"]
[SourceDate "2017.03.02"]
[SourceVersion "1"]
[SourceVersionDate "2017.03.02"]
[SourceQuality "1"]

1. Nc3 d6 2. e4 Nf6 3. d4 g6 4. h4 c6 5. h5 Bg7 6. h6 Bf8 7. Be2 Qc7 8. a4 e5 9. Nh3 Be6 10. Ng5 d5 11. dxe5 Qxe5 12. f4 Qc7 13. Qd4 Nbd7 14. exd5 Bc5 15. Nxe6 fxe6 16. d6 Bxd6 17. Ne4 Be7 18. Ng5 Nf8 19. 0-0 Rg8 20. Qe3 Nd5 21. Qh3 0-0-0 22. Bg4 Kb8 23. c4 Bc5+ 24. Kh1 Nb4 25. Bxe6 Rh8 26. Ra3 Qe7 27. Be3 Nc2 28. Bxc5 Qxc5 29. Rc3 Nd4 30. Nf7 Nfxe6 31. Nxh8 Rxh8 32. Re3 Qd6 33. Re4 Rf8 34. Qe3 Rf5 35. Re5 a6 1/2-1/2

[Event "Verona op-A"]
[Site "Verona"]
[Date "2017.01.04"]
[Round "4"]
[White "Marin, Alessandro"]
[Black "Danieli, Enrico"]
[Result "1/2-1/2"]
[WhiteElo "1971"]
[BlackElo "2002"]
[PlyCount "137"]
[EventDate "2017.01.02"]
[EventType "swiss"]
[EventRounds "7"]
[EventCountry "ITA"]
[SourceTitle "CBM 176 Extra"]
[Source "ChessBase"]
[SourceDate "2017.03.02"]
[SourceVersion "1"]
[SourceVersionDate "2017.03.02"]
[SourceQuality "1"]

1. e4 c5 2. Nf3 Nc6 3. Bb5 g6 4. 0-0 Bg7 5. c3 Nf6 6. Re1 0-0 7. d4 Qb6 8. Ba4 d6 9. h3 e6 10. d5 Ne5 11. Nxe5 dxe5 12. c4 a6 13. Nc3 Nh5 14. Bc2 Bd7 15. Rb1 Rac8 16. Be3 Qd8 17. Qd2 b5 18. b3 b4 19. Ne2 exd5 20. cxd5 f5 21. f3 f4 22. Bf2 Bf6 23. Rec1 Bh4 24. Qe1 Bxf2+ 25. Qxf2 Qg5 26. Kh2 Bb5 27. Bd1 Qe7 28. Rb2 Nf6 29. Rbc2 Nd7 30. Ng1 g5 31. Be2 h5 32. Qf1 Bxe2 33. Nxe2 g4 34. Ng1 Rf6 35. fxg4 hxg4 36. hxg4 Qh7+ 37. Nh3 Qxe4 38. Qf3 Qxf3 39. gxf3 Rd6 40. Rd1 Nb6 41. Nf2 Rxd5 42. Rxd5 Nxd5 43. Ne4 c4 44. Nd6 Rc6 45. Nxc4 Kg7 46. Rd2 Ne3 47. Nxe3 fxe3 48. Re2 Rc3 49. Kg3 a5 50. Kh4 Kf6 51. Kh5 Rc1 52. Kh4 Rc3 53. Kh3 Kg5 54. Kg3 Rd3 55. Re1 Rc3 56. Rh1 e2 57. Rh5+ Kf6 58. Kf2 Rxf3+ 59. Kxe2 Rg3 60. Rh6+ Kg5 61. Ra6 Rg2+ 62. Kf3 Rxa2 63. Ra8 Ra3 64. Ke4 Rxb3 65. Rxa5 Kxg4 66. Rxe5 Rb1 67. Kd3 Kf4 68. Rb5 Rd1+ 69. Kc4 1/2-1/2

[Event "Porto Mannu op 6th"]
[Site "Porto Mannu"]
[Date "2014.06.11"]
[Round "6"]
[White "Brunello, Sabino"]
[Black "Danieli, Enrico"]
[Result "1-0"]
[WhiteElo "2589"]
[BlackElo "2044"]
[PlyCount "53"]
[EventDate "2014.06.07"]
[EventType "swiss"]
[EventRounds "9"]
[EventCountry "ITA"]
[SourceTitle "CBM 160 Extra"]
[Source "ChessBase"]
[SourceDate "2014.07.01"]
[SourceVersion "1"]
[SourceVersionDate "2014.07.01"]
[SourceQuality "1"]

1. d4 Nf6 2. c4 c5 3. d5 b5 4. cxb5 a6 5. bxa6 d6 6. Nc3 g6 7. e4 Bxa6 8. Bxa6 Rxa6 9. Nf3 Bg7 10. 0-0 0-0 11. h3 Nbd7 12. Re1 Nb6 13. e5 dxe5 14. Rxe5 Nfxd5 15. Rxd5 Nxd5 16. Qxd5 Bxc3 17. Qxd8 Rxd8 18. bxc3 Rd1+ 19. Kh2 e5 20. Nxe5 Re6 21. Nf3 Re2 22. Rb1 Rxf2 23. Rb8+ Kg7 24. Be3 Rxa2 25. Bxc5 Rd5 26. Bd4+ Kh6 27. Ne5 1-0

[Event "Porto Mannu op 6th"]
[Site "Porto Mannu"]
[Date "2014.06.10"]
[Round "4"]
[White "Schneider, Stefan"]
[Black "Danieli, Enrico"]
[Result "1-0"]
[WhiteElo "2362"]
[BlackElo "2044"]
[PlyCount "77"]
[EventDate "2014.06.07"]
[EventType "swiss"]
[EventRounds "9"]
[EventCountry "ITA"]
[SourceTitle "CBM 160 Extra"]
[Source "ChessBase"]
[SourceDate "2014.07.01"]
[SourceVersion "1"]
[SourceVersionDate "2014.07.01"]
[SourceQuality "1"]

1. d4 d5 2. c4 Nc6 3. Nf3 Bg4 4. Nc3 e6 5. Bg5 Be7 6. Bxe7 Ngxe7 7. e3 0-0 8. cxd5 exd5 9. Be2 Qd6 10. h3 Bh5 11. 0-0 a6 12. Rc1 Rae8 13. Na4 Rb8 14. Nc5 a5 15. a3 Rfc8 16. Qd2 b6 17. Nd3 f6 18. Nf4 Bf7 19. Bd3 g5 20. Ne2 h5 21. Ng3 Kg7 22. Qc2 Rh8 23. Nf5+ Nxf5 24. Qxc6 Ne7 25. Qxd6 cxd6 26. Rc7 Kf8 27. Rfc1 Be6 28. h4 Rg8 29. Kf1 g4 30. Ne1 Kf7 31. g3 Rgc8 32. Ng2 Ke8 33. Nf4 Bf7 34. Bb5+ Kf8 35. Bd7 Rxc7 36. Rxc7 Rd8 37. Be6 Be8 38. Bxg4 Bb5+ 39. Be2 1-0

[Event "Porto Mannu op 6th"]
[Site "Porto Mannu"]
[Date "2014.06.08"]
[Round "2"]
[White "Hiermann, Dietmar"]
[Black "Danieli, Enrico"]
[Result "1/2-1/2"]
[WhiteElo "2304"]
[BlackElo "2044"]
[PlyCount "39"]
[EventDate "2014.06.07"]
[EventType "swiss"]
[EventRounds "9"]
[EventCountry "ITA"]
[SourceTitle "CBM 160 Extra"]
[Source "ChessBase"]
[SourceDate "2014.07.01"]
[SourceVersion "1"]
[SourceVersionDate "2014.07.01"]
[SourceQuality "1"]

1. e4 d6 2. d4 Nf6 3. Nc3 e5 4. Nf3 Nbd7 5. Bc4 Be7 6. 0-0 0-0 7. Re1 c6 8. a4 a5 9. b3 exd4 10. Qxd4 Qc7 11. h3 Ne5 12. Be2 Nfd7 13. Nh2 Bf6 14. Qe3 Nc5 15. Bb2 Ne6 16. Rad1 Bg5 17. Qg3 Bf4 18. Qh4 Bg5 19. Qg3 Bf4 20. Qh4 1/2-1/2

[Event "Porto Mannu op 5th"]
[Site "Porto Mannu"]
[Date "2013.06.08"]
[Round "9"]
[White "Danieli, Enrico"]
[Black "Loeffler, Stefan"]
[Result "0-1"]
[WhiteElo "2093"]
[BlackElo "2425"]
[PlyCount "84"]
[EventDate "2013.06.01"]
[EventType "swiss"]
[EventRounds "9"]
[EventCountry "ITA"]
[SourceTitle "CBM 154 Extra"]
[Source "ChessBase"]
[SourceDate "2013.06.25"]
[SourceVersion "2"]
[SourceVersionDate "2013.06.25"]
[SourceQuality "1"]

1. d4 Nf6 2. Nc3 d5 3. e4 Nxe4 4. Nxe4 dxe4 5. Bf4 Bf5 6. Qd2 e6 7. 0-0-0 Bd6 8. Ne2 Nd7 9. Nc3 0-0 10. Bc4 Bg6 11. Bg5 Be7 12. h4 h6 13. Bxe7 Qxe7 14. g4 Nb6 15. Bb3 a5 16. a3 a4 17. Ba2 Rfd8 18. Qe3 Nd5 19. Bxd5 exd5 20. Rdg1 Bh7 21. Ne2 Ra6 22. Nf4 f6 23. Rg2 c5 24. Ne2 cxd4 25. Nxd4 Qe5 26. Rhg1 g5 27. c3 Kf7 28. Kb1 Rg8 29. Rh1 Qf4 30. hxg5 fxg5 31. Qe2 Rb6 32. Ka1 Kg7 33. Rgh2 Re8 34. Rh3 Qe5 35. Re3 Rf8 36. Qc2 Qf4 37. Qxa4 Qxf2 38. Re2 Qf7 39. Rhh2 Qf1+ 40. Ka2 Rf7 41. Qa5 Rff6 42. Qxd5 Bg8 0-1

[Event "Mogliano Veneto op-A 34th"]
[Site "Mogliano Veneto"]
[Date "2013.04.27"]
[Round "4"]
[White "Barp, Alberto"]
[Black "Danieli, Enrico"]
[Result "1-0"]
[WhiteElo "1911"]
[BlackElo "2129"]
[PlyCount "81"]
[EventDate "2013.04.25"]
[EventType "swiss"]
[EventRounds "6"]
[EventCountry "ITA"]
[SourceTitle "EXT 2015"]
[Source "ChessBase"]
[SourceDate "2014.11.20"]
[SourceVersion "1"]
[SourceVersionDate "2014.11.20"]
[SourceQuality "1"]

1. d4 d5 2. c4 Nc6 3. Nc3 e6 4. Nf3 Nf6 5. a3 Be7 6. c5 0-0 7. Bf4 Nh5 8. e3 Nxf4 9. exf4 f6 10. Be2 a5 11. Rb1 Kh8 12. b4 axb4 13. axb4 b6 14. 0-0 bxc5 15. bxc5 Bd7 16. Qc2 Be8 17. Bd3 Bh5 18. Bb5 Na7 19. Be2 Qd7 20. Rb7 Bxf3 21. Bxf3 Nc6 22. Qd2 Rfb8 23. Rfb1 Qc8 24. R7b5 Rxb5 25. Nxb5 Rb8 26. Be2 Na7 27. Qa2 Nxb5 28. Rxb5 Rxb5 29. Bxb5 f5 30. Qa5 Qb8 31. Qa6 g6 32. h3 Bf6 33. Qxe6 Bxd4 34. Bc6 Qb1+ 35. Kh2 Qe4 36. Qc8+ Kg7 37. Qxc7+ Kh6 38. Qd6 Bxf2 39. Bxd5 Qb1 40. Qf8+ Kh5 41. Bf3+ 1-0

[Event "Porto Mannu op 4th"]
[Site "Porto Mannu"]
[Date "2012.06.02"]
[Round "3"]
[White "Danieli, Enrico"]
[Black "Ljubisavljevic, Zivojin Z"]
[Result "1/2-1/2"]
[WhiteElo "2093"]
[BlackElo "2210"]
[PlyCount "63"]
[EventDate "2012.06.02"]
[EventType "swiss"]
[EventRounds "9"]
[EventCountry "ITA"]
[SourceTitle "EXT 2014"]
[Source "ChessBase"]
[SourceDate "2013.11.20"]
[SourceVersion "1"]
[SourceVersionDate "2013.11.20"]
[SourceQuality "1"]

1. Nc3 e5 2. Nf3 Nc6 3. d4 exd4 4. Nxd4 Bc5 5. Nf5 g6 6. Be3 Bxe3 7. Nxe3 d6 8. g3 h5 9. h4 f5 10. Ned5 Be6 11. Bg2 Nf6 12. Qd2 Bxd5 13. Nxd5 Nxd5 14. Qxd5 Qd7 15. 0-0-0 0-0-0 16. Rd3 Rde8 17. e3 Re5 18. Qf3 Rb5 19. Rb3 Ne5 20. Qd1 Rxb3 21. axb3 Qb5 22. Qd4 Qb6 23. Qc3 Re8 24. Rd1 Ng4 25. Rd2 Re5 26. Qc4 Qa5 27. c3 Qb5 28. Qg8+ Qe8 29. Qc4 Qb5 30. Qg8+ Qe8 31. Qc4 a6 32. Rd5 1/2-1/2

[Event "Porto Mannu op 4th"]
[Site "Porto Mannu"]
[Date "2012.06.02"]
[Round "4"]
[White "Gromovs, Sergejs"]
[Black "Danieli, Enrico"]
[Result "1/2-1/2"]
[WhiteElo "2162"]
[BlackElo "2093"]
[PlyCount "116"]
[EventDate "2012.06.02"]
[EventType "swiss"]
[EventRounds "9"]
[EventCountry "ITA"]
[SourceTitle "EXT 2014"]
[Source "ChessBase"]
[SourceDate "2013.11.20"]
[SourceVersion "1"]
[SourceVersionDate "2013.11.20"]
[SourceQuality "1"]

1. d4 d5 2. c4 Nc6 3. Nf3 Bg4 4. cxd5 Bxf3 5. gxf3 Qxd5 6. e3 e5 7. Nc3 Bb4 8. Bd2 Bxc3 9. bxc3 exd4 10. cxd4 Nge7 11. Qb3 Qxf3 12. Rg1 0-0 13. Bg2 Qh5 14. Rc1 Qxh2 15. Kf1 Qd6 16. Rc5 Rae8 17. Qc2 Ng6 18. Bxc6 bxc6 19. Bb4 Qh2 20. Rxc6 Qh3+ 21. Ke2 Nf4+ 22. Kd2 Qf3 23. Re1 Qxf2+ 24. Kc1 Qg3 25. Bd2 Nd5 26. Qb3 Qg2 27. Rc5 Nf6 28. Rc2 Rb8 29. Qa3 Qb7 30. Kd1 Ne4 31. Bc1 c5 32. Rg1 Qd7 33. Qd3 Qd5 34. Rcg2 g6 35. Ke1 c4 36. Qc2 Qa5+ 37. Kf1 Qf5+ 38. Ke1 Qa5+ 39. Kf1 Qf5+ 40. Ke1 Nd6 41. Qxf5 Nxf5 42. Rc2 Rfe8 43. Kf2 Rec8 44. Ba3 Rb6 45. Bc5 Ra6 46. Rb1 Nd6 47. Kf3 f5 48. Kf4 Ne4 49. Rb7 c3 50. Bb4 Rb6 51. Rxb6 axb6 52. Ke5 Kf7 53. d5 Ke8 54. Ke6 Ng5+ 55. Kf6 Ne4+ 56. Ke6 Ng5+ 57. Kf6 Ne4+ 58. Ke6 Ng5+ 1/2-1/2

[Event "Porto Mannu op 4th"]
[Site "Porto Mannu"]
[Date "2012.06.02"]
[Round "8"]
[White "Luciani, Carlo"]
[Black "Danieli, Enrico"]
[Result "0-1"]
[WhiteElo "2222"]
[BlackElo "2093"]
[PlyCount "128"]
[EventDate "2012.06.02"]
[EventType "swiss"]
[EventRounds "9"]
[EventCountry "ITA"]
[SourceTitle "EXT 2014"]
[Source "ChessBase"]
[SourceDate "2013.11.20"]
[SourceVersion "1"]
[SourceVersionDate "2013.11.20"]
[SourceQuality "1"]

1. e4 c6 2. Nc3 d5 3. Nf3 dxe4 4. Nxe4 Nf6 5. Nxf6+ exf6 6. Bc4 Be7 7. 0-0 0-0 8. d4 Bg4 9. c3 Qc7 10. Qd3 Nd7 11. h3 Bh5 12. Nh4 Nb6 13. Bb3 Nd5 14. Nf5 Rfe8 15. Qg3 Qxg3 16. Nxg3 Bg6 17. c4 Nb4 18. Bd2 Nc2 19. Bxc2 Bxc2 20. Rfe1 Bd6 21. Nf1 Bd3 22. Rac1 Rxe1 23. Bxe1 Re8 24. Ne3 f5 25. c5 Bf4 26. Bd2 Bxe3 27. fxe3 Be4 28. Rc4 Bd5 29. Rb4 Re7 30. Kf2 a6 31. a3 Kf8 32. h4 Ke8 33. Rb6 Kd8 34. Ba5 Kc8 35. g3 h6 36. Bd2 g5 37. Be1 Re4 38. hxg5 hxg5 39. Ke2 Re6 40. Bf2 f4 41. gxf4 gxf4 42. Kd3 f3 43. b4 f5 44. a4 Rh6 45. e4 fxe4+ 46. Ke3 Rh1 47. b5 a5 48. bxc6 Bxc6 49. Rb2 Ra1 50. Rd2 Ra3+ 51. Kf4 Rd3 52. Ra2 Kd7 53. Be3 Ke6 54. Rb2 Kd5 55. Rc2 Rxd4 56. Bxd4 Kxd4 57. Rd2+ Kxc5 58. Rb2 Kd4 59. Rd2+ Kc3 60. Ke3 Kb3 61. Rd4 Bxa4 62. Rxe4 Bc6 63. Rd4 a4 64. Kd2 a3 0-1

[Event "Noale Szabados Memorial-A 5th"]
[Site "Noale"]
[Date "2012.02.03"]
[Round "1"]
[White "Danieli, Enrico"]
[Black "Scalcione, Michelangelo"]
[Result "0-1"]
[WhiteElo "2064"]
[BlackElo "2344"]
[PlyCount "62"]
[EventDate "2012.02.03"]
[EventType "swiss"]
[EventRounds "5"]
[EventCountry "ITA"]
[SourceTitle "EXT 2022"]
[Source "ChessBase"]
[SourceDate "2021.10.06"]
[SourceVersion "1"]
[SourceVersionDate "2021.10.06"]
[SourceQuality "1"]

1. Nc3 d5 2. e4 d4 3. Nce2 c5 4. Ng3 Nc6 5. Nf3 a6 6. Bc4 h5 7. h3 h4 8. Nf1 b5 9. Bd5 Bb7 10. N1h2 e6 11. Bxc6+ Bxc6 12. d3 Qc7 13. Bg5 Be7 14. Qd2 Bd6 15. Ng4 f6 16. Bxh4 Bf4 17. Qe2 g5 18. Bg3 Bxg3 19. fxg3 Qxg3+ 20. Qf2 Qxf2+ 21. Kxf2 Ke7 22. h4 gxh4 23. Nxh4 Kf7 24. Nf3 Ne7 25. g3 Ng6 26. Kg2 Kg7 27. Rxh8 Rxh8 28. Rf1 Bb7 29. b4 f5 30. Nfe5 cxb4 31. Kg1 fxg4 0-1

[Event "Mogliano Veneto op 32nd"]
[Site "Mogliano Veneto"]
[Date "2011.05.01"]
[Round "4"]
[White "Danieli, Enrico"]
[Black "Boscolo, Federico"]
[Result "0-1"]
[WhiteElo "2069"]
[BlackElo "2233"]
[PlyCount "100"]
[EventDate "2011.04.29"]
[EventType "swiss"]
[EventRounds "5"]
[EventCountry "ITA"]
[SourceTitle "EXT 2023"]
[Source "ChessBase"]
[SourceDate "2022.10.05"]
[SourceVersion "1"]
[SourceVersionDate "2022.10.05"]
[SourceQuality "1"]

1. Nf3 Nf6 2. d4 g6 3. Nc3 d5 4. Bg5 Bg7 5. Bxf6 Bxf6 6. e4 c6 7. Bd3 dxe4 8. Nxe4 Bxd4 9. Nxd4 Qxd4 10. Qe2 Qxb2 11. 0-0 0-0 12. Rab1 Qxa2 13. Ng5 Qd5 14. Qxe7 Nd7 15. Rfe1 Qc5 16. Qxc5 Nxc5 17. Bc4 b5 18. Ba2 Kg7 19. Re5 Be6 20. Nxe6+ Nxe6 21. Bxe6 fxe6 22. Rxe6 Rf6 23. Re7+ Rf7 24. Re6 Rc7 25. Kf1 Rd8 26. Re4 Rd2 27. c4 a5 28. Ke1 Ra2 29. Re2 Rxe2+ 30. Kxe2 b4 31. Kd3 Rd7+ 32. Kc2 Kf6 33. Ra1 Ra7 34. Kb3 Ke6 35. Rd1 Rd7 36. Ra1 Rd3+ 37. Kb2 Rd2+ 38. Kb3 Rxf2 39. Rxa5 Rxg2 40. h4 Rh2 41. Kxb4 Kd6 42. Ra3 Rxh4 43. Rd3+ Kc7 44. Rf3 Kb6 45. Rf6 Rg4 46. Rf8 h5 47. Rb8+ Kc7 48. Rh8 h4 49. Kc5 Rg5+ 50. Kd4 Rh5 0-1

[Event "Mogliano Veneto op 32nd"]
[Site "Mogliano Veneto"]
[Date "2011.04.30"]
[Round "2"]
[White "Danieli, Enrico"]
[Black "Giuriato, Sergio"]
[Result "1/2-1/2"]
[WhiteElo "2069"]
[BlackElo "1945"]
[PlyCount "44"]
[EventDate "2011.04.29"]
[EventType "swiss"]
[EventRounds "5"]
[EventCountry "ITA"]
[SourceTitle "EXT 2023"]
[Source "ChessBase"]
[SourceDate "2022.10.05"]
[SourceVersion "1"]
[SourceVersionDate "2022.10.05"]
[SourceQuality "1"]

1. d4 Nf6 2. Nf3 d5 3. e3 Nbd7 4. Nbd2 g6 5. Be2 Bg7 6. 0-0 0-0 7. b3 c6 8. Bb2 a5 9. a3 a4 10. b4 b5 11. Ne5 Qc7 12. f4 Nb6 13. Qe1 Ne8 14. Bd3 f5 15. Qh4 Nd6 16. Ndf3 Bf6 17. Ng5 Bxg5 18. Qxg5 Nf7 19. Qh4 Be6 20. Rf3 Nxe5 21. dxe5 Rf7 22. h3 Nc4 1/2-1/2

[Event "Mogliano Veneto op 32nd"]
[Site "Mogliano Veneto"]
[Date "2011.04.29"]
[Round "1"]
[White "Inkiov, Ventzislav"]
[Black "Danieli, Enrico"]
[Result "1-0"]
[WhiteElo "2497"]
[BlackElo "2069"]
[PlyCount "81"]
[EventDate "2011.04.29"]
[EventType "swiss"]
[EventRounds "5"]
[EventCountry "ITA"]
[SourceTitle "EXT 2023"]
[Source "ChessBase"]
[SourceDate "2022.10.05"]
[SourceVersion "1"]
[SourceVersionDate "2022.10.05"]
[SourceQuality "1"]

1. d4 d5 2. c4 e6 3. Nf3 Nf6 4. g3 c5 5. cxd5 exd5 6. Bg2 Nc6 7. 0-0 Be7 8. Nc3 0-0 9. b3 Bg4 10. dxc5 Bxc5 11. Bb2 Re8 12. Rc1 Bb6 13. Na4 Qe7 14. h3 Bf5 15. e3 Bc7 16. Nd4 Nxd4 17. Bxd4 Ne4 18. Nc5 Bd6 19. Qh5 Bxc5 20. Bxc5 Qe6 21. Bd4 Bg6 22. Qh4 Rec8 23. Qf4 b6 24. g4 h6 25. Qe5 Qxe5 26. Bxe5 f6 27. Bb2 Kf7 28. Rfd1 Ke6 29. f4 Bf7 30. Ba3 Rxc1 31. Rxc1 Kd7 32. Bf1 a6 33. Bb2 Nd6 34. Rd1 a5 35. Bc3 Rc8 36. Bd4 b5 37. Bd3 a4 38. bxa4 bxa4 39. Rb1 Nc4 40. Bf5+ Be6 41. Rb7+ 1-0